000
00315nam a22001457a 4500
008
240205b ||||| |||| 00| 0 eng d
020
_a
072163480
041
_a
eng
080
_2
1992
_a
61
082
_a
61FIH
100
_a
3
101
_a
MJK
245
_a
OUTPATIENT MEDICINE
_c
STEPHAN D.FIHN
942
_2
udc
_c
BK
999
_c
60578
_d
60578